Sports Quiz

Random Sports or Basketball Quiz

NBA Dual MVP Winners Quiz Stats

 Plays Quiz Updated Jun 27, 2018

Also try: NBA Finals MVPs
Challenge
Share
Tweet
Embed
Score 0/10 Timer 03:00
2 Plays Today
Season(s) Player % Correct
2011-2012, 2012-2013LeBron James
97.9%
1991-92, 1995-96, 1997-98Michael Jordan
97.6%
1999-2000Shaquille O'Neal
92.4%
1983-84, 1985-86Larry Bird
89.2%
1986-87Magic Johnson
88.6%
2002-2003Tim Duncan
81.4%
1993-94Hakeem Olajuwon
74.2%
1970-71Kareem Abdul-Jabbar
73.5%
1982-83Moses Malone
56.9%
1969-70Willis Reed
31.5%

You're not logged in!

Compare scores with friends on all Sporcle quizzes.
Join for Free
OR
Log In

You Might Also Like...

Show Comments

Extras

Top Quizzes Today


Score Distribution

Your Account Isn't Verified!

In order to create a playlist on Sporcle, you need to verify the email address you used during registration. Go to your Sporcle Settings to finish the process.

Report this User

Report this user for behavior that violates our Community Guidelines.

Details: